Word Ladder: Throw in a Curve Quiz Stats

Quiz Updated Sep 20, 2015

Challenge
Share
Tweet
Embed
Score 0/42 Timer 04:00
0 Plays Today
Clue 4-Letter Word % Correct
◡◠◡A curve◠◡◠
OR a pirate's prosthetic hand
HOOK
95.6%
◡◠◡A curve◠◡◠
OR what a surfer hopes to catch
WAVE
95.6%
The center of an apple and the EarthCORE
95.4%
◡◠◡A curve◠◡◠
OR making a left or a right
TURN
94.9%
MaizeCORN
94.8%
◡◠◡A curve◠◡◠
OR to show off one's muscle
FLEX
94.1%
Vegetarian's baneMEAT
94.1%
Ripped; shreddedTORN
93.7%
Completed or finishedDONE
93.7%
Owl's onomatopoeiaHOOT
93.5%
Golfer's warningFORE
93.4%
◡◠◡A curve◠◡◠
OR a tined utensil
FORK
93.4%
Aquatic castle protectionMOAT
93.2%
All this and no play makes for a dull timeWORK
92.7%
To scorch or searBURN
92.6%
A small vehicle that often transports groceries or golf playersCART
92.3%
A brand of chocolate or a brand of soapDOVE
92.1%
Open to debate; a ____ pointMOOT
92%
A driver's method of expressing anger, shock, impatience, or warningHONK
92%
A sharp projectile used to throw against a board to gain pointsDART
91.9%
An accomplishmentFEAT
91.9%
Clue 4-Letter Word % Correct
Smooth, level, or 2-dimensionalFLAT
91.6%
Another word for soilDIRT
90.6%
Escaped, ran away from somethingFLED
90.5%
A plant cultivated for its fibers and seeds; it can be made into linenFLAX
90.3%
To sharpen or refine a bladeHONE
90.3%
Created a lattice; interlaced yarn or threadWOVE
90.1%
To give sustenance toFEED
89.7%
◡◠◡A curve◠◡◠
OR a lock of wavy hair
CURL
89.7%
A merchant's goodsWARE
89.5%
Donned clothingWORE
89.2%
Briefly stated, sometimes to the point of rudenessCURT
87.7%
A coin one can stop onDIME
86.3%
Actor Ives or warden CainBURL
86.1%
Urgent, demanding quick actionDIRE
83.6%
Hemingway's 'A Farewell to ____'ARMS
82%
To protect by warding off, to surviveFEND
80.9%
Makes darkerDIMS
80.6%
Targets with a weapon or projectileAIMS
80.4%
Several portions of a circle's circumferenceARCS
80%
◡◠◡A curve◠◡◠
OR what you don't want your smart phone to do
BEND
79.9%
◡◠◡A curve◠◡◠
OR the shape of a St. Louis monument
ARCH
79.8%

Today's Daily Dose

Word Ladder
Summertime

On This Day
June 23rd II

You're not logged in!

Compare scores with friends on all Sporcle quizzes.
Join for Free
OR
Log In

You Might Also Like...

Show Comments

Extras

Top Quizzes Today


Score Distribution

Your Account Isn't Verified!

In order to create a playlist on Sporcle, you need to verify the email address you used during registration. Go to your Sporcle Settings to finish the process.

Report this User

Report this user for behavior that violates our Community Guidelines.

Details: